Law and Economics

Guardado en:
Detalles Bibliográficos
Autor principal: Cooter, Robert
Otros Autores: Ulen, Thomas
Formato: Libro
Lenguaje:inglés
Publicado: Reading Addison Wesley Longman 2000
Edición:3rd Edition
Colección:<The> Addison-Wesley Series in Economics
Materias:
Etiquetas: Agregar Etiqueta
Sin Etiquetas, Sea el primero en etiquetar este registro!

MARC

LEADER 00000nam a2200000 4500
001 0257159
005 20240111125026.5
020 |a 0-321-06482-8 
041 0 |a eng 
044 |a GB 
245 1 0 |a Law and Economics  |c Robert Cooter, Thomas Ulen 
250 |a 3rd Edition 
264 1 |a Reading  |b Addison Wesley Longman  |c 2000 
300 |a 545 s. 
490 1 |a <The> Addison-Wesley Series in Economics 
830 0 |a <The> Addison-Wesley Series in Economics 
610 2 0 |a právo 
610 2 0 |a ekonómia 
610 2 0 |a analýza ekonomická 
610 2 0 |a teórie ekonomické 
610 2 0 |a mikroekonomika 
610 2 0 |a inštitúcie verejnoprávne 
610 2 0 |a vlastníctvo 
610 2 0 |a právo vlastnícke 
610 2 0 |a vlastníctvo súkromné 
610 2 0 |a kontrakty 
610 2 0 |a zodpovednosť 
610 2 0 |a kriminalita 
100 1 |a Cooter, Robert 
700 1 |a Ulen, Thomas